|
|
|
|
| LEADER |
00639nab a2200193 i 4500 |
| 001 |
univ16191 |
| 005 |
20240716152919.0 |
| 008 |
170915s1988 hu o 000 hun d |
| 022 |
|
|
|a 0230-791X
|
| 040 |
|
|
|a SZTE UnivHistória Repozitórium
|b hun
|
| 041 |
|
|
|a hun
|
| 100 |
1 |
|
|a Márok Tamás
|
| 245 |
1 |
0 |
|a Váratlan tanszékvezető-váltás
|h [elektronikus dokumentum] /
|c Márok Tamás
|
| 260 |
|
|
|c 1988
|
| 300 |
|
|
|a 5
|
| 490 |
0 |
|
|a Szegedi Egyetem
|v 26 No. 7
|
| 561 |
|
|
|a Egyetemi, hallgatói élet
|
| 695 |
|
|
|a Tanszék - neveléstudományi, Keserű Bálint
|
| 856 |
4 |
0 |
|u http://univ.bibl.u-szeged.hu/16191/1/sze_1988_007_005.pdf
|z Dokumentum-elérés
|